[Event "X Open Vitinia"]
[Site "Roma ITA"]
[Date "1998.03.??"]
[Round "?"]
[White "Gaspero, Mario"]
[Black "Ridolfi, Raffaele"]
[Result "1/2-1/2"]
[WhiteElo "1785"]
[BlackElo "1786"]
[PlyCount "118"]
[EventDate "1998.03.21"]

1. e4 c6 2. d4 d5 3. Nc3 dxe4 4. Nxe4 Nd7 5. Bc4 Ngf6 6. Ng5 e6 7. Qd3 Nb6 8.
Bb3 Bd6 9. N1f3 h6 10. Ne4 Nxe4 11. Qxe4 Nd5 12. Bd2 Nf6 13. Qe2 Qc7 14. h3 Bd7
15. Ne5 c5 16. Nxd7 Kxd7 17. dxc5 Bxc5 18. O-O-O Ke7 19. Bc3 Rhd8 20. Qf3 Ne8
21. Ba4 Kf8 22. Rde1 Kg8 23. Qg4 Bf8 24. f4 g6 25. Bxe8 Rxe8 26. f5 h5 27. Qg5
Qe7 28. Bf6 Qc5 29. Re5 Qc7 30. fxg6 fxg6 31. Qxg6+ Bg7 32. Rg5 Re7 33. Bxe7
Qxe7 34. Re1 Rf8 35. Qxe6+ Qxe6 36. Rxe6 Kf7 37. Re4 Bh6 38. h4 Bxg5+ 39. hxg5
Kg6 40. Kd2 Rf2+ 41. Re2 Rf7 42. c4 Kxg5 43. b4 Kg4 44. a4 Kg3 45. c5 h4 46.
Ke1 Rf4 47. Rb2 Rg4 48. Kf1 Rc4 49. Rb3+ Kf4 50. Kg1 Ke5 51. Kh2 Ke6 52. Kh3
Kd7 53. g3 hxg3 54. Kxg3 Kc6 55. Kf3 a5 56. bxa5 Rxc5 57. Rb6+ Kd5 58. Rb5 Rxb5
59. axb5 Kc5 1/2-1/2

[Event "X Open Vitinia"]
[Site "Roma ITA"]
[Date "1998.03.??"]
[Round "?"]
[White "Malloni, Marcello"]
[Black "Chiaretti, Roberto"]
[Result "1-0"]
[WhiteElo "2240"]
[BlackElo "2180"]
[PlyCount "65"]
[EventDate "1998.03.21"]

1. d4 d5 2. c4 e6 3. Nc3 Be7 4. Nf3 Nf6 5. Bf4 O-O 6. e3 c5 7. dxc5 Nc6 8. Qc2
Bxc5 9. Rd1 Qa5 10. a3 Be7 11. Nd2 Rd8 12. Be2 d4 13. Nb3 Qb6 14. exd4 Nxd4 15.
Nxd4 Rxd4 16. Rxd4 Qxd4 17. Bg3 Bd7 18. O-O Bc6 19. Rd1 Qb6 20. b4 Rd8 21. c5
Rxd1+ 22. Qxd1 Qd8 23. Qxd8+ Bxd8 24. b5 Be8 25. Bb8 Ba5 26. Nd1 Kf8 27. Bxa7
Ke7 28. a4 Kd8 29. Bf3 Kc8 30. Ne3 Bc7 31. g3 Nd7 32. Nc4 f6 33. b6 1-0

[Event "X Open Vitinia"]
[Site "Roma ITA"]
[Date "1998.03.??"]
[Round "?"]
[White "Malloni, Marcello"]
[Black "Marta, Daniele"]
[Result "1/2-1/2"]
[WhiteElo "2240"]
[BlackElo "1888"]
[PlyCount "78"]
[EventDate "1998.03.21"]

1. e4 e6 2. d3 d5 3. Nd2 Nf6 4. Ngf3 c5 5. g3 Be7 6. Bg2 O-O 7. O-O b6 8. Re1
dxe4 9. dxe4 Bb7 10. e5 Nfd7 11. Qe2 Nc6 12. c3 Qc7 13. Nf1 Rac8 14. Bf4 Rfd8
15. h4 a6 16. a4 Na5 17. N1d2 c4 18. Red1 b5 19. axb5 axb5 20. Nd4 Bxg2 21.
Kxg2 Qb6 22. Ne4 Nc5 23. Nxc5 Rxc5 24. Qf3 Rcd5 25. Rxa5 Qxa5 26. Nc6 Qc7 27.
Nxe7+ Qxe7 28. Bg5 Qc7 29. Bxd8 Rxd8 30. Rxd8+ Qxd8 31. Qb7 Qe8 32. Kf3 g6 33.
Ke3 Qd8 34. Kf3 Qe8 35. Ke2 Kg7 36. Ke1 h6 37. Ke2 Kf8 38. Qc7 Kg7 39. Qc5 Qd7
1/2-1/2

[Event "X Open Vitinia"]
[Site "Roma ITA"]
[Date "1998.03.??"]
[Round "?"]
[White "Malloni, Marcello"]
[Black "Scacco, Mauro"]
[Result "1-0"]
[WhiteElo "2240"]
[BlackElo "2050"]
[PlyCount "87"]
[EventDate "1998.03.21"]

1. d4 Nf6 2. c4 e6 3. Nc3 Bb4 4. e3 O-O 5. Bd3 c5 6. Nf3 b6 7. O-O Bxc3 8. bxc3
Bb7 9. Nd2 d6 10. e4 Nbd7 11. Re1 cxd4 12. cxd4 e5 13. Bb2 Re8 14. f3 Nf8 15.
Nf1 Qc7 16. Ng3 Ne6 17. Ne2 Rac8 18. Rc1 Qb8 19. Qd2 Nd7 20. Red1 Rcd8 21. Qe1
Ndf8 22. Qf2 Ng6 23. g3 Qc7 24. Rf1 Rc8 25. Rc2 exd4 26. Nxd4 Nxd4 27. Bxd4 Ne5
28. Be2 Qe7 29. Rfc1 Rc7 30. Bb2 Rec8 31. Qd4 f6 32. Ba3 Nf7 33. Rd2 Ba6 34.
Kf2 Qe5 35. Bxd6 Qxd4+ 36. Rxd4 Nxd6 37. Rxd6 Bxc4 38. Bxc4+ Rxc4 39. Rxc4 Rxc4
40. Rd8+ Kf7 41. Rd7+ Ke6 42. Rxa7 Rc2+ 43. Kg1 Rb2 44. a4 1-0

[Event "X Open Vitinia"]
[Site "Roma ITA"]
[Date "1998.03.??"]
[Round "?"]
[White "Malloni, Marcello"]
[Black "Verrascina, Roberto"]
[Result "1-0"]
[WhiteElo "2240"]
[BlackElo "2225"]
[PlyCount "127"]
[EventDate "1998.03.21"]

1. d4 d5 2. c4 c5 3. cxd5 Qxd5 4. Nf3 cxd4 5. Nc3 Qa5 6. Nxd4 e5 7. Ndb5 Nf6 8.
Nd6+ Bxd6 9. Qxd6 Nc6 10. Bd2 Qb4 11. Qxb4 Nxb4 12. Rc1 O-O 13. g3 Bd7 14. a3
Nbd5 15. Bg2 Bc6 16. O-O Rac8 17. Rfd1 Nb6 18. Bxc6 Rxc6 19. Nb5 Rxc1 20. Rxc1
a6 21. Nd6 Rd8 22. Bb4 h5 23. Nxb7 Rb8 24. Nc5 Nbd5 25. Nxa6 Rb6 26. Nc5 Nxb4
27. axb4 Rxb4 28. Rc2 h4 29. Nd3 Rb5 30. f3 e4 31. Nc5 exf3 32. exf3 hxg3 33.
hxg3 Kf8 34. Kf2 Ke7 35. Ke3 Kd6 36. Kd4 Rb4+ 37. Ke3 Nd5+ 38. Ke2 Rb5 39. Nd3
Nb4 40. Rd2 Nxd3 41. Rxd3+ Ke6 42. b3 g5 43. Kd2 f5 44. Kc3 Rc5+ 45. Kd4 Rc1
46. b4 Rb1 47. Kc5 Rc1+ 48. Kb6 Rg1 49. f4 g4 50. b5 Rf1 51. Re3+ Kf6 52. Kc5
Rc1+ 53. Kd4 Rb1 54. Kc4 Rc1+ 55. Rc3 Rb1 56. Rb3 Rc1+ 57. Kb4 Ke6 58. b6 Rc8
59. Kb5 Kd5 60. b7 Rf8 61. Kb6 Kc4 62. Rb1 Kd5 63. Rc1 Rf6+ 64. Kb5 1-0

[Event "X Open Vitinia"]
[Site "Roma ITA"]
[Date "1998.03.??"]
[Round "?"]
[White "Marta, Daniele"]
[Black "Chiaretti, Roberto"]
[Result "0-1"]
[WhiteElo "1888"]
[BlackElo "2180"]
[PlyCount "58"]
[EventDate "1998.03.21"]

1. d4 Nf6 2. c4 e6 3. Nf3 d5 4. Nc3 Bb4 5. Bg5 Nbd7 6. e3 c5 7. a3 Bxc3+ 8.
bxc3 Qa5 9. Qb3 Ne4 10. Rc1 dxc4 11. Bxc4 cxd4 12. Bxe6 Nxg5 13. Nxg5 Qxg5 14.
Bxf7+ Kf8 15. cxd4 Qe7 16. Be6 Nb6 17. Bxc8 Rxc8 18. Rxc8+ Nxc8 19. O-O g6 20.
Rc1 Kg7 21. Rc3 Nd6 22. Qc2 Rd8 23. Rc7 Rd7 24. Rxd7 Qxd7 25. f3 Qc6 26. Qb2
Qb5 27. Qc3 Qc4 28. Qa5 Qc1+ 29. Kf2 Qxe3+ 0-1

[Event "X Open Vitinia"]
[Site "Roma ITA"]
[Date "1998.03.??"]
[Round "?"]
[White "Marta, Daniele"]
[Black "Quimi, Marco"]
[Result "1/2-1/2"]
[WhiteElo "1888"]
[BlackElo "2225"]
[PlyCount "77"]
[EventDate "1998.03.21"]

1. d4 Nf6 2. c4 g6 3. Nc3 Bg7 4. e4 O-O 5. Nf3 d6 6. Be2 e5 7. O-O Nc6 8. d5
Ne7 9. Ne1 Ne8 10. Nd3 f5 11. f3 Kh8 12. c5 Nf6 13. b4 a5 14. Qb3 f4 15. Ba3 g5
16. bxa5 Rg8 17. Qb4 Ne8 18. Nb5 Ra6 19. Rac1 Bf8 20. Qc3 g4 21. Nxf4 Bh6 22.
fxg4 Nf6 23. cxd6 cxd6 24. Nxd6 Rxd6 25. Qxe5 Rd7 26. Qxf6+ Bg7 27. Qh4 Be5 28.
Ne6 Qe8 29. Bb5 Ng6 30. Qg5 b6 31. axb6 Bb7 32. h4 Qa8 33. Bxd7 Qxa3 34. h5 Qg3
35. hxg6 Qh2+ 36. Kf2 Qg3+ 37. Kg1 Qh2+ 38. Kf2 Qg3+ 39. Kg1 1/2-1/2

[Event "X Open Vitinia"]
[Site "Roma ITA"]
[Date "1998.03.??"]
[Round "?"]
[White "Marta, Daniele"]
[Black "Spano' Cuomo, Gaetano"]
[Result "1/2-1/2"]
[WhiteElo "1888"]
[BlackElo "1866"]
[PlyCount "78"]
[EventDate "1998.03.21"]

1. d4 d5 2. c4 c6 3. Nf3 Nf6 4. Nc3 e6 5. Bg5 Be7 6. e3 Nbd7 7. Bd3 O-O 8. O-O
dxc4 9. Bxc4 Nd5 10. Bxe7 Qxe7 11. Qd2 N7f6 12. Rfe1 Bd7 13. e4 Nb6 14. Bb3
Rfd8 15. Rad1 Be8 16. Qf4 c5 17. d5 exd5 18. e5 Nfd7 19. Nxd5 Nxd5 20. Bxd5 Nf8
21. Rd2 Rd7 22. Red1 Rad8 23. Qf5 Ne6 24. Bxe6 Rxd2 25. Bxf7+ Qxf7 26. Qxf7+
Bxf7 27. Rxd2 Rxd2 28. Nxd2 Bxa2 29. f4 b5 30. Kf2 Bd5 31. g3 a5 32. Ke3 a4 33.
Ne4 Bxe4 34. Kxe4 b4 35. Kd3 Kf7 36. Kc2 Ke6 37. Kd3 Kd5 38. Kc2 c4 39. Kb1 Ke6
1/2-1/2

[Event "X Open Vitinia"]
[Site "Roma ITA"]
[Date "1998.03.??"]
[Round "?"]
[White "Monteleone, Antonio"]
[Black "Farina, Saverio"]
[Result "1-0"]
[WhiteElo "2165"]
[BlackElo "2200"]
[PlyCount "103"]
[EventDate "1998.03.21"]

1. d4 d5 2. c4 e6 3. Nc3 c5 4. cxd5 exd5 5. Nf3 Nc6 6. g3 Nf6 7. Bg2 Be7 8. O-O
O-O 9. Bg5 Be6 10. Rc1 cxd4 11. Nxd4 h6 12. Be3 Qd7 13. Na4 Bh3 14. Nxc6 bxc6
15. Bc5 Bxg2 16. Kxg2 Rfe8 17. Bxe7 Rxe7 18. Nc5 Qf5 19. e3 Ne4 20. Nxe4 Qxe4+
21. Kg1 Re6 22. Qb3 Qe5 23. Qc3 Qxc3 24. Rxc3 Rb8 25. b3 Rb6 26. Rc5 Ra6 27. a4
Rb6 28. Rfc1 Rxb3 29. Rxc6 Rb6 30. R6c5 Rb4 31. Ra5 a6 32. Rc8+ Kh7 33. Ra8
Rb1+ 34. Kg2 Rb2 35. R8xa6 Rxe3 36. Rxd5 Ree2 37. Rf5 f6 38. Ra7 Kg6 39. Rf4 h5
40. h4 Ra2 41. Rb7 Kh6 42. Rb5 Ra3 43. Rff5 Rxa4 44. Rxh5+ Kg6 45. Rh8 Ra7 46.
h5+ Kf7 47. h6 Raa2 48. Rb7+ Kg6 49. hxg7 Rxf2+ 50. Kg1 Rg2+ 51. Kh1 Kf5 52.
g8=Q 1-0

[Event "X Open Vitinia"]
[Site "Roma ITA"]
[Date "1998.03.??"]
[Round "?"]
[White "Monteleone, Antonio"]
[Black "Ortega, Lexy"]
[Result "0-1"]
[WhiteElo "2165"]
[BlackElo "2475"]
[PlyCount "73"]
[EventDate "1998.03.21"]

1. d4 d5 2. c4 c6 3. Nf3 e6 4. Nc3 dxc4 5. e3 b5 6. a4 Bb4 7. Bd2 a5 8. axb5
Bxc3 9. Bxc3 cxb5 10. b3 Bb7 11. bxc4 b4 12. Bb2 Nf6 13. Bd3 Nbd7 14. O-O O-O
15. Qc2 Qc7 16. e4 e5 17. c5 exd4 18. Bxd4 h6 19. Rfc1 Bc6 20. Qb2 Rfe8 21. Nd2
Ne5 22. Bb1 g5 23. f3 Nh5 24. Nf1 Nf4 25. Rd1 Bb5 26. Ne3 Nc4 27. Qc2 b3 28.
Qxb3 Ne2+ 29. Kf2 Nxd4 30. Rxd4 Qe5 31. Qc3 Nxe3 32. Kxe3 Rac8 33. Rxa5 Rxc5
34. Qb4 Rec8 35. g3 Qc7 36. Rxb5 Rxb5 37. Qxb5 0-1

[Event "X Open Vitinia"]
[Site "Roma ITA"]
[Date "1998.03.??"]
[Round "?"]
[White "Monteleone, Antonio"]
[Black "Pierangeli, Andrea"]
[Result "1-0"]
[WhiteElo "2165"]
[BlackElo "1810"]
[PlyCount "23"]
[EventDate "1998.03.21"]

1. d4 e6 2. Nf3 Nf6 3. Bg5 d5 4. Nbd2 Be7 5. e3 Nbd7 6. Bd3 c5 7. c3 b6 8. O-O
Bb7 9. Qa4 O-O 10. Ne5 Nxe5 11. dxe5 Ne8 12. Qh4 1-0

[Event "X Open Vitinia"]
[Site "Roma ITA"]
[Date "1998.03.??"]
[Round "?"]
[White "Monteleone, Antonio"]
[Black "Verrascina, Nicola"]
[Result "1-0"]
[WhiteElo "2165"]
[BlackElo "2145"]
[PlyCount "51"]
[EventDate "1998.03.21"]

1. d4 Nf6 2. c4 e5 3. dxe5 Ne4 4. Nf3 Bb4+ 5. Nbd2 Qe7 6. a3 Bxd2+ 7. Bxd2 Nc6
8. Be3 Nxe5 9. Qd4 Nxf3+ 10. gxf3 Nf6 11. Rg1 Rg8 12. Bh3 a5 13. O-O-O Ra6 14.
Bg5 Kf8 15. e4 h6 16. Bf4 Rc6 17. Kb1 b6 18. Be5 Ne8 19. Bxd7 Bxd7 20. Qxd7
Rxc4 21. Qd3 Rc5 22. f4 f6 23. Bc3 Nd6 24. e5 Nb5 25. Qd8+ Kf7 26. e6+ 1-0

[Event "X Open Vitinia"]
[Site "Roma ITA"]
[Date "1998.03.??"]
[Round "?"]
[White "Monteleone, Antonio"]
[Black "Verrascina, Roberto"]
[Result "0-1"]
[WhiteElo "2165"]
[BlackElo "2225"]
[PlyCount "36"]
[EventDate "1998.03.21"]

1. d4 g6 2. c4 Bg7 3. e4 Nc6 4. d5 Nd4 5. Be3 c5 6. Nc3 e5 7. Qd2 Ne7 8. O-O-O
d6 9. Nge2 f5 10. Bh6 Bxh6 11. Qxh6 Ng8 12. Qd2 Nf6 13. f4 fxe4 14. fxe5 dxe5
15. Ng3 Bf5 16. Re1 Qa5 17. b3 e3 18. Rxe3 Nxb3+ 0-1

[Event "X Open Vitinia"]
[Site "Roma ITA"]
[Date "1998.03.??"]
[Round "?"]
[White "Ortega, Lexy"]
[Black "Scacco, Mauro"]
[Result "1-0"]
[WhiteElo "2475"]
[BlackElo "2050"]
[PlyCount "67"]
[EventDate "1998.03.21"]

1. d4 Nf6 2. Nf3 d5 3. c4 e6 4. Nc3 Be7 5. Bf4 O-O 6. e3 c6 7. Qc2 Nbd7 8. a3
b6 9. cxd5 exd5 10. Be2 Re8 11. O-O Nf8 12. Ne5 Bd7 13. Ba6 b5 14. Bb7 Qb6 15.
Bxa8 Rxa8 16. Nxd7 N8xd7 17. Rac1 a5 18. Rfd1 Rc8 19. e4 dxe4 20. Nxe4 Nd5 21.
Bd6 Qd8 22. Bxe7 Qxe7 23. Re1 N7b6 24. Nc3 Qd7 25. Nxd5 Nxd5 26. g3 a4 27. Qc5
h5 28. Re5 Nf6 29. d5 Qh3 30. dxc6 h4 31. Re2 Qg4 32. Qxb5 h3 33. Re3 g6 34. c7
1-0

[Event "X Open Vitinia"]
[Site "Roma ITA"]
[Date "1998.03.??"]
[Round "?"]
[White "Ortega, Lexy"]
[Black "Spano' Cuomo, Gaetano"]
[Result "1-0"]
[WhiteElo "2475"]
[BlackElo "1866"]
[PlyCount "59"]
[EventDate "1998.03.21"]

1. d4 Nf6 2. Nf3 d6 3. Nc3 Bf5 4. Nh4 Bg6 5. Nxg6 hxg6 6. g3 c6 7. e4 e5 8. Be3
Na6 9. d5 Nc7 10. g4 c5 11. a4 Nh7 12. h4 Be7 13. h5 Bg5 14. hxg6 Bxe3 15. Rxh7
Bxf2+ 16. Kxf2 O-O 17. Rh2 fxg6+ 18. Kg1 Qg5 19. Qd3 Rf6 20. Be2 Raf8 21. Rf1
Na6 22. Qh3 Rxf1+ 23. Bxf1 Rf6 24. Nd1 Nb4 25. Qh8+ Kf7 26. Qc8 Qc1 27. Qd7+
Kg8 28. Qe8+ Rf8 29. Qe6+ Rf7 30. Rf2 1-0

[Event "X Open Vitinia"]
[Site "Roma ITA"]
[Date "1998.03.??"]
[Round "?"]
[White "Ottavi, Marco"]
[Black "De Carolis, Massimo"]
[Result "1-0"]
[WhiteElo "1900"]
[BlackElo "1705"]
[PlyCount "65"]
[EventDate "1998.03.21"]

1. e4 d6 2. d4 g6 3. Nf3 Bg7 4. Be2 Nf6 5. Nbd2 O-O 6. O-O Nbd7 7. c3 e5 8.
dxe5 dxe5 9. Qc2 Qe7 10. a4 c5 11. a5 Nb8 12. Nc4 Nc6 13. Rd1 Bg4 14. h3 Bxf3
15. Bxf3 Rfd8 16. Be3 h5 17. Qa4 Nh7 18. Qb5 Bf8 19. a6 Rab8 20. axb7 Qxb7 21.
Qxb7 Rxb7 22. Rxd8 Nxd8 23. Nxe5 Rxb2 24. Rxa7 Rc2 25. Rd7 Ne6 26. Nxf7 Rxc3
27. Ne5 Nf6 28. Ra7 g5 29. Ra6 Nd4 30. Bxd4 cxd4 31. Rxf6 Bg7 32. Rf5 d3 33.
Nd7 1-0

[Event "X Open Vitinia"]
[Site "Roma ITA"]
[Date "1998.03.??"]
[Round "?"]
[White "Ottavi, Marco"]
[Black "Malloni, Marcello"]
[Result "0-1"]
[WhiteElo "1900"]
[BlackElo "2240"]
[PlyCount "66"]
[EventDate "1998.03.21"]

1. e4 e6 2. d4 d5 3. Nd2 Nf6 4. e5 Nfd7 5. Bd3 c5 6. c3 Nc6 7. Ne2 Qb6 8. Nf3
cxd4 9. cxd4 f6 10. exf6 Nxf6 11. O-O Bd6 12. Nc3 O-O 13. Be3 Bd7 14. Rc1 Nb4
15. Bb1 Rae8 16. Ne5 Re7 17. Bg5 Be8 18. Bh4 Nc6 19. Nxc6 Bxc6 20. Qd2 Ref7 21.
Rce1 Bd7 22. Bg3 Bb4 23. Rc1 Bb5 24. Rfe1 Nh5 25. a3 Nxg3 26. axb4 Rxf2 27. Qe3
Rf1+ 28. Rxf1 Nxf1 29. Qh3 Qxd4+ 30. Kh1 g6 31. Qxe6+ Kh8 32. Nxb5 Qf4 33. Rc8
Qxh2# 0-1

[Event "X Open Vitinia"]
[Site "Roma ITA"]
[Date "1998.03.??"]
[Round "?"]
[White "Ottavi, Marco"]
[Black "Spano' Cuomo, Gaetano"]
[Result "1-0"]
[WhiteElo "1900"]
[BlackElo "1866"]
[PlyCount "43"]
[EventDate "1998.03.21"]

1. e4 e5 2. Nf3 Nc6 3. Bb5 a6 4. Ba4 Nf6 5. Bxc6 dxc6 6. d3 Bd6 7. Nbd2 h6 8.
Nc4 Be6 9. Nfxe5 b5 10. Nxc6 Qc8 11. Nxd6+ cxd6 12. Nd4 Bd7 13. O-O O-O 14. h3
Re8 15. Qf3 Kh7 16. Bf4 Qc5 17. c3 Rad8 18. Rfe1 Bc8 19. Bg3 Qg5 20. Bf4 Qg6
21. Re3 Nd7 22. Nc6 1-0

[Event "X Open Vitinia"]
[Site "Roma ITA"]
[Date "1998.03.??"]
[Round "?"]
[White "Ottavi, Marco"]
[Black "Verrascina, Roberto"]
[Result "0-1"]
[WhiteElo "1900"]
[BlackElo "2225"]
[PlyCount "82"]
[EventDate "1998.03.21"]

1. e4 a6 2. d4 b5 3. Bd3 Bb7 4. Be3 Nf6 5. Nd2 e6 6. Ngf3 Be7 7. c3 d6 8. a4
Nbd7 9. Qc2 c6 10. h3 g6 11. O-O O-O 12. Rfe1 e5 13. Nf1 c5 14. Bh6 c4 15. Bxf8
Bxf8 16. Be2 Bxe4 17. Qd2 Bc6 18. Ng3 e4 19. Nh2 h5 20. f3 Kh7 21. Nxe4 Bxe4
22. fxe4 Nxe4 23. Qc2 f5 24. Bf3 d5 25. b3 Ndf6 26. axb5 axb5 27. bxc4 bxc4 28.
Nf1 Bd6 29. Reb1 Rxa1 30. Rxa1 Qc7 31. Ra6 g5 32. Ne3 Qb7 33. Qa2 Kg6 34. Bxe4
Nxe4 35. Qa3 Qb1+ 36. Nf1 Qb8 37. Ne3 Kf7 38. Ra7+ Ke6 39. Qa4 Nf6 40. Qa6 f4
41. Rb7 Qd8 0-1

[Event "X Open Vitinia"]
[Site "Roma ITA"]
[Date "1998.03.??"]
[Round "?"]
[White "Piancatelli, Marco"]
[Black "Buffoni, Luca"]
[Result "1-0"]
[WhiteElo "1822"]
[BlackElo "1681"]
[PlyCount "34"]
[EventDate "1998.03.21"]

1. e4 e5 2. Nf3 Nf6 3. Nxe5 d6 4. Nf3 Nxe4 5. Nc3 d5 6. Qe2 Bc5 7. d3 Bxf2+ 8.
Kd1 O-O 9. dxe4 dxe4+ 10. Bd2 e3 11. Ne4 Bf5 12. Nxf2 exf2 13. Qxf2 Nc6 14. a3
Qf6 15. Kc1 h6 16. Nh4 Nd4 17. Nxf5 Qxf5 1-0

[Event "X Open Vitinia"]
[Site "Roma ITA"]
[Date "1998.03.??"]
[Round "?"]
[White "Piancatelli, Marco"]
[Black "Ortega, Lexy"]
[Result "0-1"]
[WhiteElo "1822"]
[BlackElo "2475"]
[PlyCount "68"]
[EventDate "1998.03.21"]

1. e4 c5 2. Nf3 d6 3. d4 cxd4 4. Qxd4 Nc6 5. Bb5 Bd7 6. Bxc6 Bxc6 7. Nc3 Nf6 8.
Bg5 e6 9. O-O-O Be7 10. Rhe1 Qa5 11. Kb1 O-O 12. Bd2 Qc7 13. Qd3 Ng4 14. Re2
Ne5 15. Nxe5 dxe5 16. Qg3 Rfd8 17. Ree1 b5 18. Bh6 Bf8 19. f3 b4 20. Ne2 Bb5
21. Rxd8 Rxd8 22. Bg5 Rc8 23. Ka1 f6 24. Be3 Qxc2 25. Qf2 Rd8 26. Nc1 Qxf2 27.
Bxf2 Rd2 28. Bxa7 Rxg2 29. Bg1 g5 30. Nb3 h5 31. Kb1 Be2 32. Nd2 g4 33. fxg4
Bd3+ 34. Kc1 Bh6 0-1

[Event "X Open Vitinia"]
[Site "Roma ITA"]
[Date "1998.03.??"]
[Round "?"]
[White "Picciotti, Francesco"]
[Black "Franchi, Jose' Maria"]
[Result "1-0"]
[WhiteElo "1600"]
[BlackElo "1867"]
[PlyCount "52"]
[EventDate "1998.03.21"]

1. e4 c5 2. c3 d6 3. d4 Nf6 4. Bd3 cxd4 5. cxd4 Nc6 6. Nf3 Bg4 7. Be3 g6 8. O-O
Bg7 9. Nc3 O-O 10. h3 Bxf3 11. Qxf3 Nd7 12. d5 Nce5 13. Qe2 Nxd3 14. Qxd3 f5
15. exf5 gxf5 16. Bg5 Rf7 17. Rfe1 f4 18. Qe2 Be5 19. Qg4 Rg7 20. Qh4 Qe8 21.
Bxf4 Qg6 22. g3 Bxf4 23. Qxf4 Ne5 24. Qe4 Qh5 25. Kg2 Rf8 26. Re3 Ng6 1-0

[Event "X Open Vitinia"]
[Site "Roma ITA"]
[Date "1998.03.??"]
[Round "?"]
[White "Picciotti, Francesco"]
[Black "Ottavi, Marco"]
[Result "1/2-1/2"]
[WhiteElo "1600"]
[BlackElo "1900"]
[PlyCount "62"]
[EventDate "1998.03.21"]

1. e4 e6 2. d4 d5 3. e5 c5 4. c3 Qb6 5. Nf3 Bd7 6. Na3 Nc6 7. Nc2 Rc8 8. Bd3
cxd4 9. cxd4 Nb4 10. Nxb4 Bxb4+ 11. Bd2 Ne7 12. Bxb4 Qxb4+ 13. Qd2 Nc6 14. Rc1
Ke7 15. Qc3 Qxc3+ 16. Rxc3 Nb4 17. Kd2 Nxa2 18. Ra3 Nb4 19. Rxa7 Nxd3 20. Kxd3
Bb5+ 21. Kd2 Ba6 22. b4 Rc7 23. Rb1 Bb5 24. Ra5 Bd7 25. Rc5 Rhc8 26. Rbc1 Rxc5
27. bxc5 Ra8 28. Rc2 Ra4 29. Rb2 Bc6 30. Kc3 f6 31. Rb4 Ra2 1/2-1/2

[Event "X Open Vitinia"]
[Site "Roma ITA"]
[Date "1998.03.??"]
[Round "?"]
[White "Picciotti, Francesco"]
[Black "Piancatelli, Marco"]
[Result "1/2-1/2"]
[WhiteElo "1600"]
[BlackElo "1822"]
[PlyCount "90"]
[EventDate "1998.03.21"]

1. e4 c6 2. d4 d5 3. exd5 cxd5 4. c4 Nf6 5. Nc3 g6 6. cxd5 Bg7 7. Bc4 O-O 8.
Nge2 Nbd7 9. Nf4 Nb6 10. Bb3 Bf5 11. O-O Rc8 12. Qe2 a6 13. Re1 Re8 14. h3 h6
15. g4 Bd7 16. Qf3 Nc4 17. Nd3 Nd6 18. Bf4 Qb6 19. Nc5 Qa7 20. Rad1 b6 21. Nd3
a5 22. a3 a4 23. Ba2 Qa5 24. Ne5 b5 25. Nc6 Bxc6 26. dxc6 b4 27. Rxe7 Rxe7 28.
Bxd6 bxc3 29. Bxe7 c2 30. Rc1 Qd2 31. Qe3 Qxe3 32. fxe3 Rxc6 33. Bc5 Nd7 34.
Bd5 Rc7 35. Rxc2 Nxc5 36. dxc5 Bf8 37. c6 Bd6 38. Rc4 Be5 39. Rxa4 Bxb2 40.
Ra8+ Kg7 41. a4 Kf6 42. Kf2 Ke5 43. Bg2 Ba3 44. Ke2 Kd6 45. Kd3 Bc5 1/2-1/2

[Event "X Open Vitinia"]
[Site "Roma ITA"]
[Date "1998.03.??"]
[Round "?"]
[White "Pierangeli, Andrea"]
[Black "Picciotti, Francesco"]
[Result "1-0"]
[WhiteElo "1810"]
[BlackElo "1600"]
[PlyCount "124"]
[EventDate "1998.03.21"]

1. e4 c5 2. Nf3 e6 3. d4 cxd4 4. Nxd4 a6 5. Be2 Nf6 6. Bf3 Qc7 7. O-O d6 8. c3
Be7 9. Be3 Bd7 10. Re1 Nc6 11. Nd2 Rc8 12. a4 O-O 13. N4b3 Ne5 14. Be2 Bc6 15.
f3 b6 16. Bxa6 Ra8 17. Qe2 d5 18. exd5 Nxd5 19. Bf2 Bd6 20. Bb5 Nf4 21. Qf1 Bb7
22. Bg3 Nh5 23. Bf2 Nc6 24. h3 Ne7 25. Qc4 Qb8 26. Ne4 Bf4 27. Rad1 Bd5 28. Qb4
f5 29. Ned2 Bd6 30. Qd4 Bc7 31. c4 Bh2+ 32. Kh1 Ng3+ 33. Bxg3 Bxg3 34. cxd5 e5
35. Qb4 Bxe1 36. Qxe7 Bg3 37. d6 Rf7 38. Bc4 Qf8 39. Bxf7+ Qxf7 40. Qxf7+ Kxf7
41. Nf1 Bf4 42. g3 Bg5 43. d7 Rd8 44. Rd6 Ke7 45. Rxb6 Rxd7 46. a5 e4 47. fxe4
fxe4 48. a6 e3 49. Nxe3 Bxe3 50. Rb7 Kd6 51. Rxd7+ Kxd7 52. Na5 Kc7 53. Nc4 Ba7
54. Kg2 Kc6 55. Kf3 Kb5 56. b3 Kxa6 57. Ke4 Kb5 58. g4 Kb4 59. Nd2 Kc5 60. Ke5
Bb8+ 61. Ke6 Kd4 62. Kf7 Be5 1-0

[Event "X Open Vitinia"]
[Site "Roma ITA"]
[Date "1998.03.??"]
[Round "?"]
[White "Pierangeli, Andrea"]
[Black "Ridolfi, Raffaele"]
[Result "0-1"]
[WhiteElo "1810"]
[BlackElo "1786"]
[PlyCount "88"]
[EventDate "1998.03.21"]

1. e4 c6 2. d4 d5 3. e5 Bf5 4. Bd3 Bxd3 5. Qxd3 e6 6. Ne2 Ne7 7. Ng3 Ng6 8. O-O
Be7 9. b3 O-O 10. f4 f5 11. Ba3 Bxa3 12. Nxa3 Qa5 13. b4 Qd8 14. Rab1 b5 15.
Rb3 Nd7 16. Qd1 Nb6 17. Ne2 Re8 18. Rh3 Nf8 19. Ng3 g6 20. Rf3 Re7 21. Nh1 a5
22. Qb1 Nc4 23. Nxc4 dxc4 24. c3 axb4 25. Qxb4 Rxa2 26. Rf1 Rea7 27. Rhf3 Kf7
28. R3f2 Qe7 29. Rxa2 Rxa2 30. Qxe7+ Kxe7 31. Rc1 Nd7 32. Nf2 Nb6 33. g4 Nd5
34. gxf5 gxf5 35. Kg2 Nxf4+ 36. Kf3 Rxf2+ 37. Kg3 Nd3 38. Ra1 f4+ 39. Kh3 Rc2
40. Ra7+ Kd8 41. Kg4 Rxh2 42. Kg5 f3 43. Kf6 f2 44. Kxe6 Rh6+ 0-1

[Event "X Open Vitinia"]
[Site "Roma ITA"]
[Date "1998.03.??"]
[Round "?"]
[White "Pierangeli, Andrea"]
[Black "Terreni, Fabio"]
[Result "0-1"]
[WhiteElo "1810"]
[BlackElo "1708"]
[PlyCount "64"]
[EventDate "1998.03.21"]

1. e4 d6 2. d4 g6 3. Be3 Bg7 4. Qd2 Nf6 5. f3 O-O 6. Bh6 c5 7. Bxg7 Kxg7 8. c3
Qa5 9. Na3 cxd4 10. Qxd4 Nc6 11. Qd2 Be6 12. Bc4 Bxc4 13. Nxc4 Qc7 14. Ne3 e6
15. Ne2 Rad8 16. Nd4 d5 17. exd5 Nxd5 18. Nxc6 bxc6 19. Ng4 Nf4 20. Qc2 h5 21.
Ne3 Qe5 22. Qe4 Qxe4 23. fxe4 Nd3+ 24. Ke2 Nxb2 25. a4 Nd3 26. g3 Nc5 27. Kf3
Rd3 28. c4 Rfd8 29. Rhe1 R8d4 30. e5 Rxc4 31. a5 Rcc3 32. Rac1 Rxe3+ 0-1

[Event "X Open Vitinia"]
[Site "Roma ITA"]
[Date "1998.03.??"]
[Round "?"]
[White "Quimi, Marco"]
[Black "Bertoni, Massimiliano"]
[Result "0-1"]
[WhiteElo "2225"]
[BlackElo "1803"]
[PlyCount "72"]
[EventDate "1998.03.21"]

1. e4 e5 2. Nf3 Nc6 3. Bb5 a6 4. Bxc6 dxc6 5. O-O Bg4 6. h3 h5 7. d3 Qf6 8.
Nbd2 Ne7 9. hxg4 hxg4 10. g3 gxf3 11. Nxf3 Ng6 12. Kg2 Be7 13. Rh1 O-O-O 14.
Bg5 Qe6 15. Bxe7 Nf4+ 16. gxf4 Qg4+ 17. Kf1 Rxh1+ 18. Ke2 Rxd1 19. Rxd1 Rh8 20.
Rg1 Qe6 21. Ba3 exf4 22. Rxg7 Qxa2 23. Ne5 Qb1 24. Kd2 Qf1 25. f3 Qf2+ 26. Kc3
c5 27. Kb3 Qd4 28. Rg5 f6 29. c3 Qd6 30. Nc4 Qe6 31. Rf5 b5 32. Bxc5 bxc4+ 33.
dxc4 Rg8 34. Bd4 Rg5 35. Rxf6 Rb5+ 36. Kc2 Qxc4 0-1

[Event "X Open Vitinia"]
[Site "Roma ITA"]
[Date "1998.03.??"]
[Round "?"]
[White "Quimi, Marco"]
[Black "Cellucci, Alessandro"]
[Result "1-0"]
[WhiteElo "2225"]
[BlackElo "1870"]
[PlyCount "79"]
[EventDate "1998.03.21"]

1. d4 f5 2. e4 fxe4 3. Nc3 Nf6 4. Bg5 Nc6 5. Bc4 d5 6. Bb3 Bg4 7. f3 exf3 8.
Nxf3 e6 9. O-O Be7 10. h3 Bxf3 11. Rxf3 Qd7 12. Bf4 a6 13. a3 O-O-O 14. Qd3 Ne4
15. Re1 Bf6 16. Nxe4 dxe4 17. Qxe4 Qxd4+ 18. Kh2 Qxe4 19. Rxe4 e5 20. Be3 Rhe8
21. c3 Na5 22. Bc2 b5 23. b3 Nb7 24. Bc1 Nc5 25. Re2 e4 26. Rf5 Nd3 27. Bd2 Re6
28. c4 g6 29. Rd5 bxc4 30. bxc4 Be5+ 31. g3 Rde8 32. Kg2 Bd6 33. Bg5 Nc5 34. h4
c6 35. Rd1 Kb7 36. Rf1 Rf8 37. Rxf8 Bxf8 38. Rf2 h6 39. Rf7+ Kc8 40. Rxf8+ 1-0